000
00320nam a2200133Ia 4500
008
240624s9999 xx 000 0 und d
041
_a
eng
082
_a
828 KUR
100
_a
KURIEN VERGHESE
245
_a
I TOO HAD A DREAM
260
_c
2007
_a
New Delhi
_b
ROLI BOOKS PVT. LTD.
300
_a
264 : p.
365
_c
RS
_b
25
999
_c
22189
_d
22189